[Event "Chessbrah Inv May 2020"]
[Site "chess.com INT"]
[Date "2020.05.15"]
[Round "1.11"]
[White "Caruana, Fabiano"]
[Black "Nepomniachtchi, Ian"]
[Result "0-1"]
[WhiteTitle "GM"]
[BlackTitle "GM"]
[WhiteElo "2835"]
[BlackElo "2784"]
[WhiteFideId "2020009"]
[BlackFideId "4168119"]
[EventDate "2020.05.15"]

1. c4 e5 2. Nc3 Nf6 3. Nf3 Nc6 4. g3 d5 5. cxd5 Nxd5 6. Bg2 Bc5 7. O-O O-O 8. d3
Re8 9. Bg5 Qd7 10. Rc1 Bf8 11. Ne4 h6 12. Bd2 Qd8 13. a3 a5 14. Qc2 Bg4 15. e3
Qd7 16. Nc5 Bxc5 17. Qxc5 Rad8 18. b4 axb4 19. axb4 Bh3 20. b5 Bxg2 21. Kxg2 Nb8
22. e4 Nf4+ 23. Bxf4 exf4 24. Rfd1 fxg3 25. hxg3 c6 26. Rb1 Qe7 27. Qc4 c5 28.
Rh1 b6 29. Rh5 Nd7 30. Ra1 Nf6 31. Rf5 Qe6 32. Qc3 Qd6 33. Ra7 Qxd3 34. Qxd3
Rxd3 35. e5 Rd7 36. Ra4 Nd5 37. Rh5 Rc8 38. Rhh4 Rb7 39. Nd2 Nc3 40. Rag4 Kf8
41. f4 Rd7 42. Nc4 Nxb5 43. f5 Rd4 44. f6 gxf6 45. exf6 Rxg4 46. Rxg4 Rc6 47.
Rf4 Nd4 48. Kh3 b5 49. Ne5 Rd6 50. Rh4 Rxf6 51. Nd7+ Ke7 52. Nxf6 Kxf6 53. Rxh6+
Ke5 54. Kg2 c4 55. Kf2 Ke4 56. Rf6 c3 57. Rxf7 b4 58. Rc7 c2 59. Ke1 b3 0-1

[Event "Chessbrah Inv May 2020"]
[Site "chess.com INT"]
[Date "2020.05.15"]
[Round "1.12"]
[White "Nepomniachtchi, Ian"]
[Black "Caruana, Fabiano"]
[Result "1-0"]
[WhiteTitle "GM"]
[BlackTitle "GM"]
[WhiteElo "2784"]
[BlackElo "2835"]
[WhiteFideId "4168119"]
[BlackFideId "2020009"]
[EventDate "2020.05.15"]

1. e4 e5 2. Nf3 Nc6 3. d4 exd4 4. Nxd4 Bc5 5. Nxc6 Qf6 6. Qf3 dxc6 7. Nc3 Be6 8.
Qg3 Bd6 9. f4 Qg6 10. Qf2 f5 11. Bd3 Nf6 12. e5 Ng4 13. Qg3 Bc5 14. Rf1 O-O-O
15. Bd2 h5 16. h3 Nxe5 17. Qxg6 Nxg6 18. O-O-O Bd6 19. Rde1 Bd7 20. g4 Nh4 21.
gxf5 Bxf5 22. Bxf5+ Nxf5 23. Ne4 Rhf8 24. Rg1 Rde8 25. c3 h4 26. Rg5 Kd7 27. Kc2
Re7 28. Kd3 Ref7 29. Reg1 Be7 30. Rh5 Rd8 31. Ke2 b6 32. Kf3 c5 33. Rg6 Kc8 34.
Ke2 Kb7 35. Be1 Bd6 36. Nxd6+ cxd6 37. Bxh4 Re8+ 38. Kf2 Re4 39. Bg5 d5 40. Rh8
d4 41. cxd4 cxd4 42. Rd8 Rc7 43. Kf3 Re3+ 44. Kg4 Rc5 45. h4 d3 46. b4 Rg3+ 47.
Kh5 Rc8 48. Rd7+ Ka6 49. Re6 Rc4 50. Kg6 Nd4 51. Red6 Ne2 52. f5 Kb5 53. Kxg7
Rf3 54. f6 Ng3 55. Rxd3 Nf5+ 56. Kg6 Rxd3 57. Rxd3 Nxh4+ 58. Bxh4 Rxh4 59. f7
Rg4+ 60. Kf5 Rg1 61. Rf3 1-0

[Event "Chessbrah Inv May 2020"]
[Site "chess.com INT"]
[Date "2020.05.15"]
[Round "1.13"]
[White "Caruana, Fabiano"]
[Black "Nepomniachtchi, Ian"]
[Result "1/2-1/2"]
[WhiteTitle "GM"]
[BlackTitle "GM"]
[WhiteElo "2835"]
[BlackElo "2784"]
[WhiteFideId "2020009"]
[BlackFideId "4168119"]
[EventDate "2020.05.15"]

1. c4 e5 2. Nc3 Nf6 3. Nf3 Nc6 4. g3 d5 5. cxd5 Nxd5 6. Bg2 Bc5 7. O-O O-O 8. d3
Re8 9. Bg5 Qd7 10. Rc1 Bf8 11. a3 h6 12. Bd2 Nxc3 13. Bxc3 Nd4 14. Bxd4 exd4 15.
Nd2 a5 16. Nc4 Ra6 17. Nd2 a4 18. Qc2 c5 19. Ne4 b6 20. Rb1 Qa7 21. Rfe1 Be6 22.
Nd2 Rc8 23. e3 dxe3 24. Rxe3 b5 25. Rbe1 Qd7 26. Nf3 c4 27. Ne5 cxd3 28. Qd2 Qc7
29. Rxd3 Rd6 30. Bd5 Bxd5 31. Rxd5 Re8 32. Rxd6 Qxd6 33. Qc3 b4 34. axb4 Qxb4
35. Qc1 Qc5 36. Qf4 Qd5 37. Nf3 Rxe1+ 38. Nxe1 a3 39. bxa3 Bxa3 40. Nf3 Bd6 41.
Qe3 g6 42. h4 Bc5 43. Qe2 Kg7 44. Ne5 Bd4 45. Nd3 h5 46. Nf4 Qe5 47. Qd2 Bc3 48.
Qd3 Bd4 49. Kg2 Bc5 50. Qf3 Bd4 51. Nh3 Qf6 52. Qe2 Qe5 53. Qf3 Qf6 54. Nf4 Qe5
55. Qb7 Bc5 56. Nd3 Qd4 57. Qf3 Bd6 58. Nc1 Qf6 59. Qd3 Bc5 60. Qc2 Bxf2 61.
Qxf2 Qc6+ 62. Kh2 Qxc1 63. Kg2 Qc6+ 64. Kh2 Qd5 65. Kg1 f6 66. Kh2 g5 67. hxg5
Qxg5 68. Qf3 Qg4 69. Qd3 Qe6 70. Qf3 Qe5 71. Kg2 Kg6 72. Qd3+ f5 73. Qd8 Qe4+
74. Kf2 Qc2+ 75. Kf3 Qc6+ 76. Kf2 1/2-1/2

[Event "Chessbrah Inv May 2020"]
[Site "chess.com INT"]
[Date "2020.05.15"]
[Round "1.14"]
[White "Nepomniachtchi, Ian"]
[Black "Caruana, Fabiano"]
[Result "0-1"]
[WhiteTitle "GM"]
[BlackTitle "GM"]
[WhiteElo "2784"]
[BlackElo "2835"]
[WhiteFideId "4168119"]
[BlackFideId "2020009"]
[EventDate "2020.05.15"]

1. e4 e5 2. Nf3 Nc6 3. c3 Nf6 4. d4 exd4 5. e5 Ne4 6. cxd4 Bb4+ 7. Nbd2 d5 8. a3
Bxd2+ 9. Bxd2 O-O 10. Bb5 Bg4 11. Bxc6 bxc6 12. h3 Bh5 13. Rc1 c5 14. dxc5 f6
15. e6 Qe7 16. g4 Qxe6 17. Nd4 Qe5 18. Be3 Bg6 19. O-O Kh8 20. f4 Qe7 21. f5 Bf7
22. Bf4 a5 23. Re1 a4 24. Nc6 Qe8 25. Nb4 c6 26. Qd4 Qc8 27. Re3 Qb7 28. Kh2
Rfe8 29. Rg1 Qb5 30. h4 Nxc5 31. g5 Nb3 32. Qd3 Qxd3 33. Nxd3 d4 34. Rxe8+ Rxe8
35. gxf6 gxf6 36. Bh6 Rg8 37. Re1 Bc4 38. Nf2 d3 39. Re7 d2 40. Rd7 Bd5 41. Kh3
Nc5 42. Rxd5 cxd5 43. Bxd2 d4 44. Bb4 Rc8 45. Kg4 Kg7 46. Kf3 Kf7 47. h5 Nb3 48.
h6 Rc2 49. Ne4 Rh2 50. Nd6+ Kg8 51. Ne4 Rxh6 52. Kg2 Kg7 53. Be7 d3 0-1

[Event "Chessbrah Inv May 2020"]
[Site "chess.com INT"]
[Date "2020.05.15"]
[Round "1.11"]
[White "Giri, Anish"]
[Black "Grischuk, Alexander"]
[Result "1/2-1/2"]
[WhiteTitle "GM"]
[BlackTitle "GM"]
[WhiteElo "2764"]
[BlackElo "2777"]
[WhiteFideId "24116068"]
[BlackFideId "4126025"]
[EventDate "2020.05.15"]

1. e4 c5 2. Nf3 d6 3. d4 cxd4 4. Nxd4 Nf6 5. Nc3 a6 6. Bg5 e6 7. f4 Be7 8. Qf3
Qc7 9. O-O-O Nbd7 10. g4 b5 11. Bxf6 Nxf6 12. g5 Nd7 13. f5 O-O 14. Rg1 b4 15.
Nce2 e5 16. f6 exd4 17. fxe7 Re8 18. Nxd4 Ne5 19. Qf4 a5 20. Bb5 Rxe7 21. Ba4
Be6 22. Kb1 Qc4 23. Bb3 Qc5 24. Nf5 Bxf5 25. exf5 a4 26. Bd5 Rc8 27. Qd2 a3 28.
g6 Kh8 29. gxf7 Nxf7 30. Qg2 Nh6 31. f6 gxf6 32. Bb3 Qe5 33. c3 bxc3 34. bxa3
c2+ 35. Bxc2 Rxc2 36. Kxc2 Ng4 37. Qxg4 Rc7+ 38. Kd2 Qb2+ 39. Ke1 Re7+ 40. Kf1
Qb5+ 41. Kf2 Qb2+ 42. Kf1 Qb5+ 43. Kf2 Qb2+ 44. Kf1 1/2-1/2

[Event "Chessbrah Inv May 2020"]
[Site "chess.com INT"]
[Date "2020.05.15"]
[Round "1.12"]
[White "Grischuk, Alexander"]
[Black "Giri, Anish"]
[Result "1/2-1/2"]
[WhiteTitle "GM"]
[BlackTitle "GM"]
[WhiteElo "2777"]
[BlackElo "2764"]
[WhiteFideId "4126025"]
[BlackFideId "24116068"]
[EventDate "2020.05.15"]

1. d4 Nf6 2. c4 e6 3. Nf3 d5 4. Nc3 Bb4 5. cxd5 exd5 6. Bg5 h6 7. Bh4 O-O 8. e3
Bf5 9. Be2 Nbd7 10. Qb3 Qe7 11. a3 Bxc3+ 12. bxc3 b5 13. a4 a6 14. Bxf6 Nxf6 15.
axb5 axb5 16. O-O c6 17. Ne5 Qe6 18. Ra3 Nd7 19. Nxd7 Qxd7 20. Rfa1 Rxa3 21.
Qxa3 Qb7 22. Qa7 Rb8 23. Qxb7 Rxb7 24. Ra8+ Kh7 25. g4 Be6 26. f4 g6 27. Ra6 Bd7
28. Kf2 Kg7 29. h4 b4 30. cxb4 Rxb4 31. Ra2 Kf6 32. Ra7 Ke7 33. Ra2 Kd6 34. Bf3
Rb1 35. Rc2 Rb3 36. Ra2 Rb1 37. Rc2 Rb3 38. Ra2 Rb1 1/2-1/2

[Event "Chessbrah Inv May 2020"]
[Site "chess.com INT"]
[Date "2020.05.15"]
[Round "1.13"]
[White "Giri, Anish"]
[Black "Grischuk, Alexander"]
[Result "1/2-1/2"]
[WhiteTitle "GM"]
[BlackTitle "GM"]
[WhiteElo "2764"]
[BlackElo "2777"]
[WhiteFideId "24116068"]
[BlackFideId "4126025"]
[EventDate "2020.05.15"]

1. d4 Nf6 2. c4 g6 3. Nc3 Bg7 4. e4 d6 5. Nf3 O-O 6. Be2 e5 7. O-O Nc6 8. d5 Ne7
9. b4 a5 10. bxa5 c5 11. a4 Rxa5 12. Bd2 Ra6 13. Ra3 Kh8 14. Qc1 Nfg8 15. Kh1 h6
16. Ne1 f5 17. exf5 Nxf5 18. Nf3 g5 19. Ne4 g4 20. Ng1 Nd4 21. Bd1 Qe8 22. Rg3
Qg6 23. f3 h5 24. Re1 Nf5 25. fxg4 Nxg3+ 26. Nxg3 hxg4 27. Bc2 Qe8 28. N1e2 Rxa4
29. Bxa4 Qxa4 30. Bg5 b5 31. cxb5 Qxb5 32. Nc3 Qd7 33. Nge4 Ba6 34. Qd1 Nh6 35.
Ng3 Nf7 36. Nce4 Nh6 37. Qd2 Nf5 38. Ra1 Bb5 39. Rb1 Bc4 40. Nh5 Rf7 41. Nxg7
Kxg7 42. Rd1 Kg6 43. Bh4 Nxh4 44. Qg5+ Kh7 45. Qxh4+ Kg7 46. Qg5+ Kf8 47. Nf6
Qa4 48. Re1 Qb4 49. Qh4 Qd2 50. Rg1 Qf4 51. Qh8+ Ke7 52. Ng8+ Kd7 53. Nh6 Re7
54. Ng8 Rf7 55. Nh6 Re7 56. Ng8 Rf7 1/2-1/2

[Event "Chessbrah Inv May 2020"]
[Site "chess.com INT"]
[Date "2020.05.15"]
[Round "1.21"]
[White "Caruana, Fabiano"]
[Black "Grischuk, Alexander"]
[Result "0-1"]
[WhiteTitle "GM"]
[BlackTitle "GM"]
[WhiteElo "2835"]
[BlackElo "2777"]
[WhiteFideId "2020009"]
[BlackFideId "4126025"]
[EventDate "2020.05.15"]

1. e4 e5 2. Nf3 Nc6 3. Bb5 Nf6 4. d3 Bc5 5. Bxc6 dxc6 6. Nbd2 Be6 7. Qe2 Nd7 8.
Nb3 Bb6 9. Ng5 Bxb3 10. axb3 f6 11. Nf3 Nf8 12. O-O Ne6 13. Be3 Qd7 14. b4 a6
15. Nd2 O-O-O 16. Nc4 Bd4 17. Rfd1 Kb8 18. c3 Bxe3 19. Qxe3 h5 20. Na5 h4 21.
Nb3 g5 22. Nc5 Nxc5 23. bxc5 g4 24. d4 Qe6 25. b4 Rhe8 26. dxe5 Qxe5 27. Re1 Re7
28. Qh6 h3 29. gxh3 gxh3 30. Qxh3 Red7 31. Re3 Rd2 32. Qg3 Qe6 33. Kh1 Rc2 34.
Rae1 Rdd2 35. Rf3 Rd8 36. Qf4 Rg8 37. Rg3 Rd8 38. h4 Qe7 39. e5 fxe5 40. Rxe5
Qd7 41. Kg2 Qd1 42. Re7 Rc8 43. Rgg7 Rc1 44. Kh3 Qh1+ 45. Kg4 Rg1+ 46. Kf5 Rxg7
47. Rxg7 Rf8+ 48. Kg5 Rxf4 49. Kxf4 Qxh4+ 50. Kf5 Qxf2+ 0-1

[Event "Chessbrah Inv May 2020"]
[Site "chess.com INT"]
[Date "2020.05.15"]
[Round "1.22"]
[White "Grischuk, Alexander"]
[Black "Caruana, Fabiano"]
[Result "1-0"]
[WhiteTitle "GM"]
[BlackTitle "GM"]
[WhiteElo "2777"]
[BlackElo "2835"]
[WhiteFideId "4126025"]
[BlackFideId "2020009"]
[EventDate "2020.05.15"]

1. d4 Nf6 2. Nf3 d6 3. c4 g6 4. Nc3 Bf5 5. Nh4 Bd7 6. e4 e5 7. Nf3 Nc6 8. d5 Ne7
9. Be2 Bg7 10. Bg5 h6 11. Be3 Ng4 12. Bd2 f5 13. exf5 gxf5 14. Nh4 Nf6 15. Bh5+
Kf8 16. f4 e4 17. O-O Nxh5 18. Qxh5 Be8 19. Qe2 Bf6 20. Be1 Rg8 21. h3 Kg7 22.
Nd1 Kh7 23. Ne3 Qd7 24. Kh2 Bf7 25. Qf2 c5 26. Bc3 Bxc3 27. bxc3 Rg7 28. Rg1
Rag8 29. g4 Bg6 30. g5 Bh5 31. gxh6 Kxh6 32. Rxg7 Rxg7 33. Rg1 Bg6 34. Qg3 Kh7
35. Qg5 Kg8 36. Qf6 Qe8 37. Nhxf5 Nxf5 38. Nxf5 1-0

[Event "Chessbrah Inv May 2020"]
[Site "chess.com INT"]
[Date "2020.05.16"]
[Round "2.1"]
[White "Giri, Anish"]
[Black "Nepomniachtchi, Ian"]
[Result "1-0"]
[WhiteTitle "GM"]
[BlackTitle "GM"]
[WhiteElo "2764"]
[BlackElo "2784"]
[WhiteFideId "24116068"]
[BlackFideId "4168119"]
[EventDate "2020.05.15"]

1. e4 e6 2. d4 d5 3. Nc3 Bb4 4. e5 c5 5. a3 Bxc3+ 6. bxc3 Ne7 7. Qg4 cxd4 8. Bd3
Qa5 9. Rb1 Nd7 10. Nf3 Ng6 11. O-O dxc3 12. h4 O-O 13. Re1 f5 14. exf6 Nxf6 15.
Qd4 Ne7 16. Rb5 Qd8 17. Qxc3 Nc6 18. Bf4 Ne4 19. Bxe4 Rxf4 20. Bd3 Qf6 21. Qd2
Rxf3 22. gxf3 Nd4 23. Qe3 Nxf3+ 24. Kf1 Nxe1 25. Kxe1 Qf7 26. Rb4 Qe7 27. Qe5
Qf6 28. Qd6 e5 29. Qxd5+ Kh8 30. h5 Bd7 31. Qxd7 Rf8 32. Kd1 Qxf2 33. Kc1 Qf6
34. Re4 Qg5+ 35. Kb2 Qxh5 36. Qd6 Qf7 37. Rxe5 Qf4 38. Qe6 Qd4+ 39. Kb3 g6 40.
Rd5 Qa1 41. Rd7 Qb1+ 42. Kc3 Qa1+ 43. Kb3 Qb1+ 44. Ka4 Qb2 45. Qe7 Rf4+ 46. c4
b5+ 47. Ka5 Qc3+ 48. Ka6 Qf6+ 49. Qxf6+ Rxf6+ 50. Kxb5 a6+ 51. Ka5 h5 52. c5 h4
53. Rd6 Rf7 54. Bxg6 1-0

[Event "Chessbrah Inv May 2020"]
[Site "chess.com INT"]
[Date "2020.05.16"]
[Round "2.2"]
[White "Nepomniachtchi, Ian"]
[Black "Giri, Anish"]
[Result "0-1"]
[WhiteTitle "GM"]
[BlackTitle "GM"]
[WhiteElo "2784"]
[BlackElo "2764"]
[WhiteFideId "4168119"]
[BlackFideId "24116068"]
[EventDate "2020.05.15"]

1. e4 c5 2. Nc3 d6 3. g3 Nf6 4. Bg2 Nc6 5. d3 e6 6. f4 Be7 7. Nf3 O-O 8. O-O Rb8
9. a4 a6 10. h3 b5 11. axb5 axb5 12. g4 d5 13. e5 Nd7 14. Ne2 d4 15. Ng3 Bb7 16.
Ne4 Nb4 17. Bd2 Bxe4 18. dxe4 Nc6 19. Qe1 c4 20. h4 b4 21. h5 c3 22. Bc1 d3 23.
cxd3 Nc5 24. bxc3 Nxd3 25. Qg3 bxc3 26. g5 c2 27. g6 fxg6 28. hxg6 h6 29. Bh3
Nd4 30. Nxd4 Qxd4+ 31. Be3 Qxe4 32. Ra7 Bh4 33. Bxe6+ Kh8 34. Qh3 Rb1 35. Rc7
Rxf1+ 36. Kxf1 Nxf4 37. Qf5 Qg2# 0-1

[Event "Chessbrah Inv May 2020"]
[Site "chess.com INT"]
[Date "2020.05.16"]
[Round "2.3"]
[White "Giri, Anish"]
[Black "Nepomniachtchi, Ian"]
[Result "0-1"]
[WhiteTitle "GM"]
[BlackTitle "GM"]
[WhiteElo "2764"]
[BlackElo "2784"]
[WhiteFideId "24116068"]
[BlackFideId "4168119"]
[EventDate "2020.05.15"]

1. e4 g6 2. d4 Bg7 3. Nf3 d6 4. Be3 a6 5. c4 e6 6. Nc3 Ne7 7. Bd3 h6 8. Qd2 Nbc6
9. Ne2 e5 10. d5 Nb8 11. Ng3 Bg4 12. Ng1 a5 13. h3 Bd7 14. f4 exf4 15. Bxf4 Na6
16. Nf3 Nc5 17. Bc2 a4 18. Rb1 g5 19. Nh5 Kf8 20. Be3 Ng6 21. Nxg7 Kxg7 22. e5
b6 23. exd6 cxd6 24. O-O Re8 25. Rf2 f5 26. Bd4+ Kh7 27. Rbf1 Ne4 28. Bxe4 Rxe4
29. b3 axb3 30. axb3 Nf4 31. Re1 Qe7 32. Rxe4 fxe4 33. Ne1 Bxh3 34. gxh3 Nxh3+
35. Kg2 Nxf2 36. Qxf2 Rf8 37. Qg3 Qf7 38. Kh2 Qh5+ 39. Kg1 Qe2 40. Bf2 Rf4 41.
Qe3 Rg4+ 42. Ng2 Qf3 43. Kf1 Rxg2 44. Qxb6 e3 45. Qxe3 Qxe3 46. Bxe3 Rb2 47. c5
dxc5 48. d6 Rxb3 49. Ke2 Kg6 50. Bxc5 Rb7 51. Ke3 Kf5 52. Kd4 Ke6 53. Ke4 Rb5
54. Bd4 Rb4 0-1

[Event "Chessbrah Inv May 2020"]
[Site "chess.com INT"]
[Date "2020.05.16"]
[Round "2.4"]
[White "Nepomniachtchi, Ian"]
[Black "Giri, Anish"]
[Result "0-1"]
[WhiteTitle "GM"]
[BlackTitle "GM"]
[WhiteElo "2784"]
[BlackElo "2764"]
[WhiteFideId "4168119"]
[BlackFideId "24116068"]
[EventDate "2020.05.15"]

1. c4 Nf6 2. Nc3 e5 3. Nf3 Nc6 4. e4 Bb4 5. d3 d6 6. a3 Bc5 7. b4 Bb6 8. Na4 Bd4
9. Rb1 Bg4 10. Be2 Bxf3 11. Bxf3 Qe7 12. g3 a5 13. Bd2 axb4 14. axb4 O-O 15. O-O
Nd7 16. Bg2 Nb6 17. Nc3 Bxc3 18. Bxc3 Ra2 19. Ra1 Rxa1 20. Qxa1 Ra8 21. Qb2 Qe8
22. Bd2 Nd4 23. Be3 Na4 24. Qd2 Nc3 25. Bxd4 exd4 26. e5 dxe5 27. Bxb7 Rb8 28.
Bf3 Rxb4 29. Kg2 h6 30. Ra1 Ra4 31. Re1 Ra2 32. Qf4 Re2 33. Rxe2 Nxe2 34. Qe4
Nc3 35. Qb7 Qe7 36. h4 g6 37. h5 gxh5 38. Qc8+ Kg7 39. Qf5 h4 40. gxh4 Qf6 41.
Qd7 Qg6+ 42. Kh2 Qxd3 43. Bh5 Qxc4 44. Qg4+ Kf8 45. Qc8+ Kg7 46. Qg4+ Kf8 47.
Qd7 Qe6 48. Qxc7 Nd5 49. Qc2 Nf4 0-1